Statistiken für Länder mit einer Hauptstadt mit A

Klicken Sie hier um das Quiz zu spielen!

Allgemein

  • Dieses Quiz wurde 187 mal gespielt
  • Das Durchschnittsergebnis liegt bei 7 aus 16

Antwortstatistiken

HintAntwort% Korrekt
2Andorra
65%
3Niederlande
63%
4Griechenland
62%
11Türkei
62%
5Algerien
60%
10Madagaskar
55%
8Äthiopien
51%
1Paraguay
50%
6Ghana
43%
7Nigeria
39%
12Jordanien
37%
9Eritrea
35%
14Turkmenistan
35%
15Kasachstan
29%
16Samoa
29%
13Vereinigte Arabische Emirate
25%

Verteilung der Resultate

Perzentil nach korrekt beantworteten Fragen

Anzahl Personen mit jedem Resultat

Ihre Resultats-Entwicklung

Sie haben dieses Quiz noch nicht gespielt